| 000 | 00943cam a2200193 4500 | ||
|---|---|---|---|
| 001 | WB@3612-807 | ||
| 008 | 040825n2004 000 0 eng u | ||
| 035 | _a(Sirsi) u127159 | ||
| 245 | _aSingle payment advice | ||
| 260 | _c2004 | ||
| 490 |
_aDEFRA News Release _v(333/04) 25 August 2004 (2) |
||
| 520 | _aA free updated brochure from DEFRA explains the latest developments that farmers need to know about the new Single Payment Scheme, and how to claim under it. The scheme was introduced under reforms of the Common Agricultural Policy. It includes an update on the 10-month rule, as well as important dates in the cross-compliance calendar and an update on measures to ensure that potential new claimants can register later in year. http://www.defra.gov.uk/ | ||
| 590 | _aWB | ||
| 590 | _aWB | ||
| 650 | _aSINGLE FARM PAYMENTS | ||
| 650 | _aCOMMON AGRICULTURAL POLICY | ||
| 690 | _aRURAL-FARM BUSINESS MANAGEMENT | ||
| 942 | _n0 | ||
| 999 |
_c117896 _d117896 |
||